| 000 | 00622nam a2200241Ia 4500 | ||
|---|---|---|---|
| 008 | 160901s9999 xx 000 0 und d | ||
| 020 | _a0-7897-1812-X | ||
| 050 | _aComSc QA 76.73 | ||
| 050 | _b.B3W35 1999 | ||
| 100 | _aWalnum, Clayton. | ||
| 245 | 4 | _aThe Complete idiot's guide to : | |
| 245 | _bvisual basic 6 / | ||
| 245 | _cClayton Walnum. | ||
| 260 | _aIndia : | ||
| 260 | _bQue., | ||
| 260 | _c1999 | ||
| 300 | _a334 pages : | ||
| 300 | _bill. ; | ||
| 300 | _c24 cm. | ||
| 500 | _aIncludes index. | ||
| 650 | _aMicrosoft Visual Basic for Windows. | ||
| 650 | _xBASIC (Computer program language). | ||
| 999 |
_c300825 _d300825 |
||